| 000 | 00962nam a22002897a 4500 | ||
|---|---|---|---|
| 001 | 7161 | ||
| 003 | FISKH | ||
| 005 | 20250630151117.0 | ||
| 008 | 250630b cb ||||| |||| 00| 0 eng d | ||
| 020 | _a0439380642 | ||
| 040 |
_aFISKH _beng _cFISKH _dFISKH |
||
| 050 | _aPZ7.A54385 F | ||
| 082 | _a813.6 | ||
| 100 |
_aAnderson, Halse Laurie _d(1961-) |
||
| 245 |
_aWild at heart : _bFight for life / _cLaurie Halse Anderson |
||
| 250 | _aThis edition first published in 2001 | ||
| 260 |
_aNew York : _bScholastic, _c2000 |
||
| 300 |
_a123 pages : _c20 cm |
||
| 505 | _aL | ||
| 520 | _aWith the help of her veterinarian grandmother and the other volunteers at the Wild at Heart Animal Clinic, eleven-year-old Maggie rescues sick puppies from an illegal puppy mill. | ||
| 521 | 8 |
_a510
_bLexile |
|
| 521 | 8 |
_aL
_bRaz-Plus |
|
| 650 |
_2Realistic fiction _aAmerican Girl |
||
| 650 |
_2Veterinarians _aAnimals |
||
| 942 |
_2ddc _cBK _n0 |
||
| 999 |
_c7161 _d7161 |
||